| 000 | 00425nam a2200193Ia 4500 | ||
|---|---|---|---|
| 001 | 4425 | ||
| 003 | IVS | ||
| 005 | 20250626030123.0 | ||
| 008 | 211022s9999 xx 000 0 und d | ||
| 040 | _cIVS | ||
| 082 | _a651.3 PAL | ||
| 100 | _aPalmer, Alvin E. | ||
| 245 | 0 | _aPlanning the Office Landscape | |
| 260 | _aNew york | ||
| 260 | _bMcGraw-Hill Publishers | ||
| 260 | _c1977 | ||
| 300 | _a183 | ||
| 942 |
_cBK _2ddc _n0 |
||
| 999 |
_c6822 _d6822 |
||